| 000 | 00555cas a2200205 4500 | ||
|---|---|---|---|
| 022 | 0 | _a0022-0531 | |
| 040 | _cMUL | ||
| 082 | 4 | _a330 ELS 1984 A075 Or. | |
| 245 | 0 | 0 | _aJournal of economic theory. |
| 260 |
_aNew York, _bElsevier. |
||
| 300 |
_av. _bill., diagrs. _c23 cm. |
||
| 500 | _aImprint varies: Academic Press, 1969-<2003> | ||
| 650 | 0 | _aEconomics | |
| 650 | 0 | _aEconomics, Mathematical | |
| 650 | 6 | _aÉconomie politique | |
| 650 | 6 | _aMathématiques économiques | |
| 650 | 7 | _aEconomics. | |
| 650 | 7 | _aEconomics, Mathematical. | |
| 942 | _cEK | ||
| 999 |
_c15254 _d15254 |
||